Word Ladder: Twenty One Pilots Quiz Stats

 Plays Quiz Updated Oct 9, 2019

Score 0/28 Timer 04:00
3 Plays Today
Hint 4-Letter Word % Correct
♪ We ____ Believe What's on TV ♪♪ DON'T ♪
94.7%
♪ Kitchen ____♪ SINK ♪
93.7%
Pleasant, politeNICE
92.6%
Dotted cubesDICE
91.7%
♪ ____ to Say Goodbye ♪♪ TIME ♪
91.1%
Will notWON'T
91%
DesireWANT
89.2%
Not wildTAME
88.4%
♪ ____ Boy ♪♪ LANE ♪
87.8%
SolitaryLONE
87.1%
CompleteDONE
86.6%
♪ ____ You Out ♪♪ FAKE ♪
86.5%
Camping necessityTENT
86.4%
Breathe quicklyPANT
86%
Hint 4-Letter Word % Correct
Peter Pan's winged friend, abbr.TINK
86%
Fallen to the bottom of the oceanSUNK
85.5%
Slight colourTINT
84.6%
Erie or TiticacaLAKE
84.5%
Jokes based on wordplayPUNS
83.6%
Become wearyTIRE
83.6%
Serious, very badDIRE
83.4%
RenownFAME
80.5%
♪ ____ for Hands ♪♪ GUNS ♪
80%
Flat bottomed boatPUNT
79.3%
Part of an udderTEAT
78.1%
Unpleasant goop or muckGUNK
73.4%
♪ ____ in My Heart ♪♪ TEAR ♪
66%
♪ ____ and the Niners ♪♪ NICO ♪
42.9%

Today's Daily Dose

Missing Word
1940s A-Z

Quick Pick
'S' Athletes

Get the Picture
Depp or Bonham Carter

You're not logged in!

Compare scores with friends on all Sporcle quizzes.
OR
Log In

Sporcle TV

Today on Sporcle TV


Watch our educational content, quiz creation guides, and fun videos on Sporcle TV.

Show Comments

Extras

Top Quizzes Today


Score Distribution

Your Account Isn't Verified!

In order to create a playlist on Sporcle, you need to verify the email address you used during registration. Go to your Sporcle Settings to finish the process.

Report this User

Report this user for behavior that violates our Community Guidelines.

Details: